Gotische Plastik in Europa /
Colección que ofrece un recorrido esencialmente gráfico por las grandes expresiones y estilos del arte europeo, con un texto introductorio que caracteriza de manera global el período correspondiente.
Guardat en:
| Autor principal: | |
|---|---|
| Altres autors: | , |
| Format: | Llibre |
| Idioma: | German |
| Publicat: |
Frankfurt, Alemania :
Umschau,
1962, c1962
|
| Col·lecció: | (Monumente des Abendlandes)
|
| Matèries: | |
| Etiquetes: |
Sense etiquetes, Sigues el primer a etiquetar aquest registre!
|
MARC
| LEADER | 00000nam^a2200000^a^4500 | ||
|---|---|---|---|
| 001 | 000321247 | ||
| 005 | 20250521000000.0 | ||
| 008 | 120426 19621962 | ||
| 009 | 20260310113537.118 | ||
| 037 | |a Acervo ITESO - Biblioteca | ||
| 041 | |a ALE | ||
| 082 | |a 709. 40 |b MON V. 4 | ||
| 100 | |a Busch, Harald |e (ed.) | ||
| 245 | 1 | 0 | |a Gotische Plastik in Europa / |c Ed. de H. Busch, B. Lohse ; introd. y pies de foto de H. Weigert. |
| 264 | 4 | |a Frankfurt, Alemania : |b Umschau, |c 1962, c1962 | |
| 300 | |a XXVII, 200 p. | ||
| 336 | |a texto |b txt |2 rdacontenido | ||
| 337 | |a sin mediación |b n |2 rdamedio | ||
| 338 | |a volumen |b nc |2 rdasoporte | ||
| 440 | 1 | |a (Monumente des Abendlandes) | |
| 520 | |a Colección que ofrece un recorrido esencialmente gráfico por las grandes expresiones y estilos del arte europeo, con un texto introductorio que caracteriza de manera global el período correspondiente. | ||
| 649 | |a XX | ||
| 650 | |a Escultura Gótica - |x Tema Principal | ||
| 650 | |a Escultura Gótica - |x Historia y Crítica | ||
| 650 | |a Escultura Medieval - |x Historia y Crítica | ||
| 650 | |a Escultura Europea - |x Tema Principal | ||
| 650 | |a Escultura Europea - |x Historia y Crítica | ||
| 650 | |a Arte Gótico - |x Tema Principal | ||
| 650 | |a Arte Gótico - |x Historia y Crítica | ||
| 650 | |a Arte Medieval - |x Historia y Crítica | ||
| 650 | |a Arte Europeo - |x Historia y Crítica | ||
| 700 | |a Lohse, Bernd |e (edición) | ||
| 700 | |a Weigert, Hans |e (introducción) | ||
| 910 | |a Fondo Ignacio Díaz Morales | ||
| 920 | |a Impresos - Libros | ||
| 930 | |a Arquitectos Jaliscienses | ||
| 905 | |a 114 | ||
| 901 | |a 0500208440 |b IT1 |c JAL |i D58149 |u 20250521 | ||
| 902 | |a https://opac.biblio.iteso.mx/vufind/Record/000321247 | ||